| 000 | 00984nam a2200229 i 4500 | ||
|---|---|---|---|
| 001 | 157760 | ||
| 003 | ES-MaACL | ||
| 005 | 20231229063046.0 | ||
| 008 | 960529s1868 sp |||| | spa d | ||
| 080 | _a821.134.2-7"18" | ||
| 100 | 1 |
_aSilvela, Francisco, _d1845-1905 _9106425 |
|
| 245 | 1 | 3 | _aLa filocalia o Arte de distinguir a los cursis de los que no lo son ; seguido de un proyecto de bases para la formación de una hermandad o club con que se remedie dicha plaga. |
| 260 |
_aMadrid : _b[s.n.], _c1868 ( _fImp. de Tomás Fortanet) |
||
| 300 |
_a61 p. ; _c17 cm. |
||
| 490 | 1 | _aBiblioteca de la voz del siglo | |
| 530 | _aDisponible en formato digital. | ||
| 594 | _aAutor (p. 61): F. Silvela | ||
| 830 | 1 |
_aBiblioteca de la voz del siglo _9221815 |
|
| 852 | 4 |
_aES-MaACL _jT-109-F-1 _z- Enc. hol. _z- Enc. en un vol. facticio |
|
| 856 | 4 |
_uhttp://bdh-rd.bne.es/viewer.vm?id=0000255768&page=1 _zBiblioteca Digital Hispánica |
|
| 999 |
_c157760 _d157760 |
||